[Event "Doha 2006"]
[Site "Doha"]
[Date "2006.12.08"]
[Round "3"]
[White "Tamra, A. (PLE)."]
[Black "Shrest, B. L.(NEP)."]
[Result "1/2-1/2"]
[WhiteElo "2102"]
[BlackElo "2104"]
[PlyCount "132"]
[EventDate "2006.??.??"]
[WhiteTeam "Palästina"]
[BlackTeam "Nepal"]
[WhiteTeamCountry "PLE"]
[BlackTeamCountry "NEP"]

1. d4 Nf6 2. c4 e6 3. g3 d5 4. Bg2 Be7 5. Nf3 dxc4 6. O-O a6 7. Ne5 Nbd7 8.
Nxc4 O-O 9. Nc3 Rb8 10. Bf4 Nh5 11. Bd2 Nhf6 12. e4 c6 13. Bf4 Ra8 14. a4 b6
15. Qb3 Bb7 16. Na5 Qc8 17. Nxb7 Qxb7 18. Rad1 Rfd8 19. h3 Rac8 20. Rd2 h6 21.
Rfd1 Nh5 22. Be3 Nhf6 23. d5 e5 24. dxc6 Qxc6 25. Bf1 Qb7 26. Bc4 Rf8 27. Bd5
Qc7 28. Qa2 Bc5 29. Bxc5 Nxc5 30. Qc4 Qd7 31. Qf1 Qe7 32. Qe2 Rc7 33. Bc4 Nxa4
34. Nxa4 b5 35. Bxb5 axb5 36. Qxb5 Nxe4 37. Re2 Nc5 38. Nc3 Rb7 39. Qc6 Rfb8
40. Nd5 Qf8 41. Rxe5 Ne6 42. b4 Kh8 43. Rde1 Qc8 44. Qxc8+ Rxc8 45. Kg2 Rc2 46.
Rb1 Rb5 47. Ne3 Rxf2+ 48. Kxf2 Rxe5 49. b5 Nc5 50. b6 Nb7 51. Ke2 Kg8 52. Kd3
Kf8 53. Kd4 Re6 54. Nd5 g5 55. Rc1 Kg7 56. Rc7 Nd6 57. b7 Nxb7 58. Rxb7 Re1 59.
g4 Rh1 60. Rb3 Kg6 61. Rf3 h5 62. Ne7+ Kh7 63. Rxf7+ Kh6 64. Ke5 hxg4 65. hxg4
Re1+ 66. Kf6 {Diagram #} Re6+ 1/2-1/2

[Event "Doha 2006"]
[Site "Doha"]
[Date "2006.12.08"]
[Round "3"]
[White "Harikrishna, P. (IND)."]
[Black "Al Sayed, M. N.(QAT)."]
[Result "1-0"]
[WhiteElo "2674"]
[BlackElo "2486"]
[Annotator "AGNS Ir/rdw/ ndp/sjw"]
[PlyCount "77"]
[EventDate "2006.??.??"]
[WhiteTeam "Indien"]
[BlackTeam "Qatar"]
[WhiteTeamCountry "IND"]
[BlackTeamCountry "QAT"]

1. e4 c6 2. d4 d5 3. e5 Bf5 4. Nd2 e6 5. Nb3 Nd7 6. Nf3 h6 7. Be2 Ne7 8. O-O
Bh7 {With this move black deviates from previous games in Caro-Kann defence,
in which 8 ... g5 was played.} 9. Bd2 Nf5 10. c4 dxc4 11. Na5 Qb8 12. Nxc4 Nb6
13. Nxb6 axb6 14. Qb3 Qd8 15. d5 {Pentala Harikrishna is in an aggresive mood
and sacrifice a pawn. A more silid option was 15. a4, intending 16.a5.} exd5 ({
Also perfectly possible was} 15... Qxd5 16. Bc4 Qd8 17. Rfd1 Qc7) 16. Bd3 Be7
17. Rfe1 Qc8 18. Bb4 $2 {White goes too far. He definitely should have taken
back the pawn with. 18.Qxb6.} c5 19. Bb5+ Kf8 20. Qxd5 $6 ({
Courage or despair? Objectively} 20. Bc3 {
was better, but black's position whould have been preferable.}) 20... cxb4 21.
Rac1 ({White should have followed up his bold sacrifice with} 21. e6 {
, as the rook move serve no purpose. perhaps white white has missed black's
22nd move.}) 21... Bc5 22. Bd7 ({Because of black's answer,} 22. Bc4 {
was perhaps better.}) 22... Ne7 $1 23. Qd2 ({
Pentala must now have realised that regaining the piece with} 23. Bxc8 {
was not in his favour. Black is closed to winning after} Nxd5 24. Bxb7 Rxa2 25.
Bxd5 Rxb2 26. Red1 Bxf2+) 23... Qd8 24. e6 Bf5 25. Qf4 Ra5 $2 ({After 24 strong
moves Al Sayed begins to crumble under the mounting pressure. strong was} 25...
Qb8) 26. Red1 g5 27. Qc4 Kg7 $6 {Another mistake. Stronger was 27...Qc7,
intending 28...Qf4 and black is still on top.} 28. a3 b3 ({
The position would also unclear after} 28... bxa3 29. b4 Bxb4) 29. Qxb3 f6 ({
In this stage of the game, Pentala's chances improve with almost every move.
After} 29... Ng6 30. Qc3+ Qf6 {the game would be still be equal.}) 30. Qc4 Qc7
31. b4 Rxa3 ({The position that arises after} 31... Bxf2+ 32. Kxf2 Qxc4 33.
Rxc4 Rxa3 34. Rc7 {looks very dangerous for black, but may be a draw.}) 32.
bxc5 bxc5 ({Safer was} 32... Qxc5) 33. Nd4 Ra5 34. Bb5 $6 {
An inaccuracy. White should instead have played the knight to b5.} Rd8 35. h3
Bg6 ({After} 35... b6 {white still has to prove his 34th move correct.}) 36.
Nb3 Raa8 37. Rd7 Rxd7 38. exd7 Rd8 ({
A blunder that finishes the game. Again black should have played} 38... b6 {
, not only to protect the c5-pawn, but more important, to protect the square.})
39. Nxc5 {Black resigned as he cannot parry the treat Ne6.} 1-0

[Event "Doha 2006"]
[Site "Doha"]
[Date "2006.12.09"]
[Round "4"]
[White "Nguyen Anh, D. (VIE)."]
[Black "Harikrishna, P. (IND)."]
[Result "1/2-1/2"]
[WhiteElo "2541"]
[BlackElo "2674"]
[PlyCount "148"]
[EventDate "2006.??.??"]
[WhiteTeam "Vietnam"]
[BlackTeam "Indien"]
[WhiteTeamCountry "VIE"]
[BlackTeamCountry "IND"]

1. d4 Nf6 2. c4 e6 3. Nc3 Bb4 4. e3 O-O 5. Bd3 c5 6. Nge2 d5 7. O-O cxd4 8.
exd4 dxc4 9. Bxc4 Nc6 10. Be3 Bd7 11. h3 Ne7 12. Qb3 Qa5 13. a3 Bxc3 14. bxc3
Bc6 15. Qb4 Qc7 16. Bf4 Qd7 17. Be5 Nfd5 18. Qb2 Ng6 19. Bg3 f5 20. Bxd5 Qxd5
21. f3 f4 22. Bf2 Rf5 23. Qa2 Bb5 24. Rfe1 Rc8 25. Qc2 Ne7 26. Nc1 Nc6 27. Qe4
Na5 28. Qxe6+ Qxe6 29. Rxe6 Rxc3 30. Ne2 Rc2 31. Re1 Bxe2 32. R1xe2 Rxe2 33.
Rxe2 Kf7 34. d5 Rxd5 35. Bxa7 Nc4 36. Re4 Nxa3 37. Rxf4+ Ke6 38. Bd4 Rd7 39.
Bb2 Nb5 40. h4 Nd6 41. h5 Nf5 42. Re4+ Kf7 43. Kh2 g6 44. hxg6+ hxg6 45. Rb4
Ne7 46. Rf4+ Ke8 47. Rf6 Rc7 48. Rb6 Nc6 49. Kg3 Kf7 50. Kg4 Rd7 51. Rb5 Ne7
52. f4 Nf5 53. Be5 Ne3+ 54. Kg5 Nxg2 55. Rb6 Ne3 56. Rxg6 Rd1 57. Rg7+ Ke6 58.
Rxb7 Rg1+ 59. Kh5 Rh1+ 60. Kg6 Rg1+ 61. Kh5 Rh1+ 62. Kg6 Rg1+ 63. Kh7 Rh1+ 64.
Kg8 Nd5 65. Ra7 Nf6+ 66. Bxf6 Kxf6 67. Rf7+ Kg6 68. f5+ Kg5 69. Kg7 Ra1 70. f6
Ra6 71. Rf8 Rb6 72. Rf7 Ra6 73. Rf8 Rb6 74. Rf7 Ra6 1/2-1/2

[Event "Doha 2006"]
[Site "Doha"]
[Date "2006.12.09"]
[Round "4"]
[White "Koneru, H. (IND)."]
[Black "Nguyen Thi, Th. (VIE)"]
[Result "1-0"]
[WhiteElo "2545"]
[BlackElo "2312"]
[PlyCount "93"]
[EventDate "2006.??.??"]
[WhiteTeam "Indien"]
[BlackTeam "Vietnam"]
[WhiteTeamCountry "IND"]
[BlackTeamCountry "VIE"]

1. d4 d5 2. c4 c6 3. Nf3 Nf6 4. e3 g6 5. Nc3 Bg7 6. Be2 O-O 7. O-O Bg4 8. cxd5
cxd5 9. Qb3 b6 10. h3 Bxf3 11. Bxf3 e6 12. Bd2 Nc6 13. Be2 Na5 14. Qb4 Qb8 15.
Ba6 Rd8 16. Rac1 Rd7 17. Qa4 Qd8 18. b3 Nb7 19. Rc2 Rc7 20. Rfc1 Nd6 21. Be1 h6
22. f3 Nf5 23. Bf2 Ne8 24. Nd1 Nfd6 25. Bg3 Bf8 26. b4 Rxc2 27. Rxc2 Nc7 28.
Bd3 Nc4 29. Bxc4 dxc4 30. b5 Qd7 31. Bxc7 Qxc7 32. Qxc4 Qg3 33. Nf2 Bd6 34. Kf1
Rd8 35. Qc6 Bb8 36. a4 h5 37. Qe4 Qd6 38. Qh4 Qf8 39. Ne4 Rc8 40. Qf2 Kg7 41.
Rc6 Rxc6 42. bxc6 Qb4 43. Qc2 Bc7 44. d5 e5 45. d6 Bxd6 46. Nxd6 Qa3 47. Ne8+
1-0

[Event "Doha 2006"]
[Site "Doha"]
[Date "2006.12.09"]
[Round "4"]
[White "Adianto, U. (INA)."]
[Black "Bu, Xiangzhi (CHN)"]
[Result "1/2-1/2"]
[WhiteElo "2589"]
[BlackElo "2671"]
[PlyCount "94"]
[EventDate "2006.??.??"]
[WhiteTeam "Indonesien"]
[BlackTeam "China"]
[WhiteTeamCountry "INA"]
[BlackTeamCountry "CHN"]

1. d4 d5 2. c4 c6 3. Nf3 Nf6 4. Nc3 dxc4 5. a4 Bf5 6. Ne5 Nbd7 7. Nxc4 Nb6 8.
Ne5 a5 9. e3 g6 10. Bd3 Bxd3 11. Nxd3 Bg7 12. O-O O-O 13. Qe2 Nfd5 14. Rd1 Nb4
15. b3 N6d5 16. Bb2 Nxd3 17. Qxd3 Nxc3 18. Bxc3 Qd5 19. Qc4 Rfd8 20. Rac1 f5
21. Kf1 Kf7 22. Ke2 e6 23. Qxd5 exd5 24. h3 Bf8 25. g4 Re8 26. gxf5 gxf5 27.
Kd3 Re6 28. Rg1 Rg6 29. h4 Be7 30. h5 Rxg1 31. Rxg1 b6 32. f3 Re8 33. Bd2 Bd8
34. Be1 Bf6 35. Bg3 Rg8 36. Bh2 Rxg1 37. Bxg1 f4 38. Bh2 fxe3 39. Kxe3 Bd8 40.
Bb8 Ke6 41. f4 Kf5 42. Kf3 b5 43. Bd6 Bb6 44. Be5 Bd8 45. Bd6 Ke6 46. Bc5 Kf5
47. Bd6 Ke6 1/2-1/2

[Event "Doha 2006"]
[Site "Doha"]
[Date "2006.12.09"]
[Round "4"]
[White "Wang, Yue (CHN)"]
[Black "Megaranto, S. (INA)."]
[Result "1-0"]
[WhiteElo "2644"]
[BlackElo "2492"]
[PlyCount "107"]
[EventDate "2006.??.??"]
[WhiteTeam "China"]
[BlackTeam "Indonesien"]
[WhiteTeamCountry "CHN"]
[BlackTeamCountry "INA"]

1. d4 Nf6 2. c4 e6 3. Nc3 Bb4 4. Nf3 b6 5. Bg5 Bb7 6. e3 h6 7. Bh4 Bxc3+ 8.
bxc3 d6 9. Nd2 Nbd7 10. f3 Qe7 11. Qa4 O-O 12. Be2 Rfe8 13. O-O e5 14. Bf2 Nf8
15. Rae1 c5 16. d5 e4 17. f4 Ng6 18. f5 Ne5 19. Bh4 Ned7 20. Rb1 Qe5 21. Qc2
Rab8 22. a4 Ba6 23. Rf2 Nh7 24. Rb3 Ndf6 25. Qb1 Rbd8 26. Bg3 Qe7 27. h3 Bc8
28. Bh2 Ng5 29. Kh1 Kh8 30. Rf1 Rf8 31. Qe1 g6 32. fxg6 fxg6 33. Rb1 Kg7 34.
Qg3 Nf7 35. Rf4 Bd7 36. Ra1 Rde8 37. Rff1 Ne5 38. Qe1 Rf7 39. Qb1 Bf5 40. Qe1
Ref8 41. a5 b5 42. cxb5 Nxd5 43. Nc4 Nxc4 44. Bxc4 Be6 45. Rxf7+ Rxf7 46. Rd1
Qg5 47. Bxd5 Bxd5 48. Bxd6 Bc4 49. b6 axb6 50. axb6 Rf1+ 51. Qxf1 Bxf1 52. Rxf1
Qd5 53. Bc7 Qd3 54. b7 1-0

[Event "Doha 2006"]
[Site "Doha"]
[Date "2006.12.09"]
[Round "4"]
[White "Sukandar, I. (INA)."]
[Black "Zhao, Xue (CHN)"]
[Result "0-1"]
[WhiteElo "2239"]
[BlackElo "2467"]
[PlyCount "84"]
[EventDate "2006.??.??"]
[WhiteTeam "Indonesien"]
[BlackTeam "China"]
[WhiteTeamCountry "INA"]
[BlackTeamCountry "CHN"]

1. e4 c5 2. Nf3 d6 3. d4 cxd4 4. Nxd4 Nf6 5. Nc3 a6 6. Be2 e5 7. Nb3 Be7 8. Be3
Be6 9. Nd5 Nbd7 10. Qd3 Bxd5 11. exd5 Rc8 12. c4 a5 13. O-O O-O 14. Rac1 b6 15.
Nd2 Nc5 16. Bxc5 bxc5 17. f4 exf4 18. Rxf4 Nd7 19. Rcf1 Bg5 20. R4f2 Ne5 21.
Qc3 Bxd2 22. Qxd2 Rb8 23. Bd3 g6 24. b3 a4 25. Bc2 Qe7 26. Re1 axb3 27. axb3
Ra8 28. Rfe2 f5 29. b4 Qa7 30. Kh1 Rab8 31. bxc5 Qxc5 32. Bd3 Rb3 33. Bc2 Ra3
34. Qc1 Rc3 35. Qb2 Qxc4 36. Bb1 Qc5 37. Qd2 Kg7 38. Qf4 Rc4 39. Qg5 Rf7 40.
Rb2 f4 41. h4 Rc1 42. Rbe2 Qc3 0-1

[Event "Doha 2006"]
[Site "Doha"]
[Date "2006.12.09"]
[Round "4"]
[White "Al Sayed, M. N. (QAT)."]
[Black "Barsov, A. (UZB)."]
[Result "1-0"]
[WhiteElo "2486"]
[BlackElo "2541"]
[PlyCount "105"]
[EventDate "2006.??.??"]
[WhiteTeam "Qatar"]
[BlackTeam "Uzbekistan"]
[WhiteTeamCountry "QAT"]
[BlackTeamCountry "UZB"]

1. e4 e6 2. d4 d5 3. Nc3 Nf6 4. Bg5 dxe4 5. Nxe4 Be7 6. Bxf6 Bxf6 7. Nf3 Nd7 8.
g3 b6 9. Bg2 Bb7 10. Qd3 Qe7 11. O-O O-O-O 12. a4 Nc5 13. Nxc5 bxc5 14. Ne5
Bxg2 15. Kxg2 Bxe5 16. Qa6+ Kb8 17. Qb5+ Kc8 18. dxe5 Qd7 19. Qa6+ Kb8 20. Ra3
Qd5+ 21. Kg1 Ka8 22. Rc3 Qb7 23. Qxb7+ Kxb7 24. Rxc5 Rd4 25. b3 Rhd8 26. Re1 g5
27. h3 h5 28. Kg2 a6 29. Re3 R8d7 30. Rec3 Rd1 31. a5 R1d2 32. b4 Re2 33. Kf3
Re1 34. b5 axb5 35. Rxb5+ Ka6 36. Rbc5 Rd4 37. Rc6+ Kxa5 38. R3c5+ Ka4 39. Rc4+
Kb5 40. R4c5+ Ka4 41. Rxc7 Rd5 42. Rxd5 exd5 43. Rxf7 Rxe5 44. Rh7 Kb4 45. Rxh5
Kc3 46. Kg4 d4 47. f4 Rc5 48. fxg5 Kxc2 49. g6 Rc4 50. Rd5 d3+ 51. Kg5 d2 52.
g7 Rc3 53. g4 1-0

[Event "Doha 2006"]
[Site "Doha"]
[Date "2006.12.09"]
[Round "4"]
[White "Sadvakasov, D. (KAZ)."]
[Black "Laylo, D. (PHI)."]
[Result "1-0"]
[WhiteElo "2596"]
[BlackElo "2448"]
[PlyCount "86"]
[EventDate "2006.??.??"]
[WhiteTeam "Kazakhstan"]
[BlackTeam "Philippinen"]
[WhiteTeamCountry "KAZ"]
[BlackTeamCountry "PHI"]

1. e4 d5 2. exd5 Nf6 3. c4 e6 4. dxe6 Bxe6 5. Be2 Qe7 6. d3 Nc6 7. Nf3 O-O-O 8.
O-O Bxc4 9. Nc3 Ba6 10. Re1 Qd7 11. Be3 Nd5 12. d4 Bxe2 13. Rxe2 h6 14. Rc1 g5
15. Qb3 Nxc3 16. bxc3 Na5 17. Qc2 Nc4 18. Qd3 Qd5 19. Nd2 Nxd2 20. Rxd2 Ba3 21.
c4 Qa5 22. Rb1 Qa6 23. Qf5+ Kb8 {Diagram #} 24. c5 Rhe8 25. Qxf7 b6 26. Rc2 Qd3
27. Qc4 Qxc4 28. Rxc4 Kc8 29. Ra4 bxc5 30. Rxa3 cxd4 31. Bd2 Re2 32. Rd1 Kb7
33. Kf1 Re6 34. Rb3+ Rb6 35. Ke2 c5 36. Kd3 Rf8 37. f3 Kc6 38. Rc1 Kd5 39. Ra3
Rf7 40. Ra5 Rc7 41. Rc4 Kd6 42. h4 Rbc6 43. hxg5 Kd5 1-0

[Event "Doha 2006"]
[Site "Doha"]
[Date "2006.12.09"]
[Round "4"]
[White "Dableo, R. (PHI)."]
[Black "Kazhgaleyev, M. (KAZ)."]
[Result "1-0"]
[WhiteElo "2425"]
[BlackElo "2609"]
[PlyCount "79"]
[EventDate "2006.??.??"]
[WhiteTeam "Philippinen"]
[BlackTeam "Kazakhstan"]
[WhiteTeamCountry "PHI"]
[BlackTeamCountry "KAZ"]

1. Nf3 g6 2. g3 Bg7 3. Bg2 c5 4. O-O Nc6 5. e4 e6 6. Re1 Nge7 7. d3 O-O 8. c3
d5 9. e5 h6 10. d4 Qb6 11. b3 cxd4 12. cxd4 Nf5 13. Bb2 f6 14. Na3 fxe5 15.
dxe5 g5 16. Nc2 Bd7 17. Ne3 Rf7 18. Ng4 Rd8 19. Nf6+ Bxf6 20. exf6 d4 21. g4
Nh4 22. Nxh4 gxh4 23. g5 Qc5 24. Re4 Qf5 25. Bc1 h3 26. Rf4 Qe5 {Diagram #} 27.
Qh5 hxg2 28. Qg6+ Kh8 29. Rh4 Rh7 30. Bf4 Qf5 31. Qxf5 exf5 32. g6 Be6 33. gxh7
Bd5 34. Bxh6 Kxh7 35. f7 Ne5 36. Bf4+ Kg6 37. Bxe5 d3 38. Rd4 Kxf7 39. Rxd3 Ke6
40. Re1 1-0

[Event "Doha 2006"]
[Site "Doha"]
[Date "2006.12.09"]
[Round "4"]
[White "Hakki, I. (SYR)."]
[Black "Samhouri, A. (JOR)."]
[Result "1/2-1/2"]
[WhiteElo "2447"]
[BlackElo "2322"]
[PlyCount "75"]
[EventDate "2006.??.??"]
[WhiteTeam "Syrien"]
[BlackTeam "Jordanien"]
[WhiteTeamCountry "SYR"]
[BlackTeamCountry "JOR"]

1. d4 d5 2. c4 c6 3. Nc3 Nf6 4. e3 a6 5. Nf3 b5 6. b3 Bg4 7. h3 Bxf3 8. Qxf3 e6
9. Bd2 Nbd7 10. Bd3 Bd6 11. O-O O-O 12. Rfd1 b4 13. Na4 e5 14. dxe5 Nxe5 15.
Qe2 Nxd3 16. Qxd3 Qe7 17. Rac1 a5 18. cxd5 cxd5 19. Be1 Rad8 20. Qf5 g6 21. Qf3
Qe5 22. g3 Ne4 23. Rd3 f5 24. Rcd1 Bc7 25. Qe2 Rfe8 26. Qc2 Ng5 27. f4 Nf3+ 28.
Kf2 Nxe1 29. Rxe1 Qe7 30. Qd2 Qe6 31. Nc5 Qe7 32. Na4 Qe6 33. Nc5 Qe7 34. Rc1
Kg7 35. Ne6+ Qxe6 36. Rxc7+ Kh6 37. Rd4 Rc8 38. Rxc8 1/2-1/2

[Event "Doha 2006"]
[Site "Doha"]
[Date "2006.12.09"]
[Round "4"]
[White "Rimawi, B. T.(JOR)."]
[Black "Bakr, J. (SYR)."]
[Result "1-0"]
[WhiteElo "2308"]
[BlackElo "2335"]
[PlyCount "59"]
[EventDate "2006.??.??"]
[WhiteTeam "Jordanien"]
[BlackTeam "Syrien"]
[WhiteTeamCountry "JOR"]
[BlackTeamCountry "SYR"]

1. e4 c5 2. Nf3 Nc6 3. d4 cxd4 4. Nxd4 Nf6 5. Nc3 e5 6. Ndb5 d6 7. Bg5 a6 8.
Na3 b5 9. Bxf6 gxf6 10. Nd5 Bg7 11. c3 Ne7 12. Nc2 f5 13. exf5 Nxd5 14. Qxd5
Bxf5 15. Qc6+ Ke7 16. Nb4 Ra7 17. Qf3 Bd7 18. Nd5+ Kf8 19. Bd3 Qg5 20. O-O f5
21. Qe2 Bc6 22. f4 Qd8 23. Nb4 Ba8 24. fxe5 Bxe5 25. Rxf5+ Kg8 26. Raf1 Rg7 27.
Be4 Bxe4 28. Qxe4 h5 29. Nc6 Qb6+ 30. Kh1 1-0

[Event "Doha 2006"]
[Site "Doha"]
[Date "2006.12.09"]
[Round "4"]
[White "Mir Mahmoud, A. (SYR)."]
[Black "Jamalia, N. (JOR)."]
[Result "1-0"]
[WhiteElo "1983"]
[BlackElo "1988"]
[PlyCount "112"]
[EventDate "2006.??.??"]
[WhiteTeam "Syrien"]
[BlackTeam "Jordanien"]
[WhiteTeamCountry "SYR"]
[BlackTeamCountry "JOR"]

1. d4 d5 2. c4 Bf5 3. Nc3 e6 4. Qb3 Nc6 5. cxd5 exd5 6. Nf3 Nb4 7. e4 dxe4 8.
Ng5 Qd7 9. Bc4 Bg6 10. O-O h6 11. Ngxe4 O-O-O 12. Be3 Nf6 13. a3 Nc6 14. Nxf6
gxf6 15. Bb5 Qd6 16. Bxc6 Qxc6 17. d5 Qa6 18. Nb5 b6 19. Qc4 Qb7 20. Bf4 Rd7
21. Rac1 Bc5 22. Rfd1 a6 23. Nc3 Bd6 24. Be3 Kb8 25. b4 Rg8 26. a4 Bh5 27. Rd2
Bf3 28. g3 Rg4 29. Rd4 Rxd4 30. Bxd4 Be5 31. Bxe5 fxe5 32. Re1 Bxd5 33. Nxd5
Qxd5 34. Qxa6 f6 35. a5 b5 36. Qxf6 e4 37. Qf8+ Kb7 38. Qxh6 Qc4 39. Qe3 Qxb4
40. a6+ Kxa6 41. Ra1+ Kb7 42. Qa7+ Kc6 43. Qa8+ Kd6 44. Qf8+ Re7 45. Rd1+ Ke6
46. Qh6+ Kf7 47. Qh7+ Kf6 48. Qh6+ Kf7 49. Qf4+ Kg7 50. Rd5 Qe1+ 51. Kg2 Rf7
52. Qg5+ Kh7 53. Qh5+ Kg7 54. Rg5+ Kf8 55. Qh6+ Ke7 56. Re5+ Kd7 1-0

[Event "Doha 2006"]
[Site "Doha"]
[Date "2006.12.09"]
[Round "4"]
[White "Ghaem M., E. (IRI) ."]
[Black "Batchuluun, C. (MGL)."]
[Result "1/2-1/2"]
[WhiteElo "2581"]
[BlackElo "2404"]
[PlyCount "114"]
[EventDate "2006.??.??"]
[WhiteTeam "Iran"]
[BlackTeam "Mongolei"]
[WhiteTeamCountry "IRI"]
[BlackTeamCountry "MGL"]

1. c4 Nf6 2. Nc3 e5 3. Nf3 Nc6 4. d3 Bb4 5. Bd2 O-O 6. e3 d5 7. cxd5 Nxd5 8.
Qc2 Nxc3 9. Bxc3 Bxc3+ 10. Qxc3 Qe7 11. Be2 Bf5 12. O-O Rad8 13. a3 a5 14. Rfd1
Rfe8 15. Rac1 e4 16. Ne1 exd3 17. Nxd3 Bxd3 18. Bxd3 Rd6 19. Be2 Red8 20. h3
Rxd1+ 21. Bxd1 Rd6 22. Bf3 h6 23. Kh1 Qd7 24. b4 axb4 25. axb4 Qf5 26. Kg1 Qb5
27. Qc5 Qxb4 28. Qxb4 Nxb4 29. Rxc7 b6 30. Be2 Nd3 31. Rc8+ Kh7 32. h4 g5 33.
Rc7 Kg7 34. h5 Ne5 35. f4 gxf4 36. exf4 Nd3 37. g3 Nc5 38. Kf2 Ne6 39. Ra7 Kf6
40. Ke3 Rc6 41. Ra3 Ng7 42. g4 Ne6 43. Rb3 Kg7 44. Bf3 Rd6 45. Rb4 Kf6 46. Be2
Rc6 47. Bc4 Rd6 48. Rb3 Nc5 49. Ra3 Ne6 50. Bd3 Nc5 51. Bc2 Ne6 52. Bd3 Nc5 53.
Bc4 Ne6 54. Rb3 Nxf4 55. Kxf4 Rd4+ 56. Kg3 Rxc4 57. Rxb6+ Kg7 1/2-1/2

[Event "Doha 2006"]
[Site "Doha"]
[Date "2006.12.09"]
[Round "4"]
[White "Gundavaa, B. (MGL)."]
[Black "Moradiabadi, E. (IRI)."]
[Result "0-1"]
[WhiteElo "2237"]
[BlackElo "2539"]
[PlyCount "58"]
[EventDate "2006.??.??"]
[WhiteTeam "Mongolei"]
[BlackTeam "Iran"]
[WhiteTeamCountry "MGL"]
[BlackTeamCountry "IRI"]

1. e4 e5 2. Nf3 Nc6 3. Bb5 a6 4. Ba4 d6 5. O-O Bd7 6. c3 g6 7. d4 Bg7 8. Bg5
Nge7 9. d5 Nb8 10. Bxd7+ Nxd7 11. c4 h6 12. Bxe7 Qxe7 13. Nc3 f5 14. exf5 gxf5
15. Re1 e4 16. Nd4 Bxd4 17. Qxd4 Rg8 18. Re3 O-O-O 19. Qa7 Nc5 20. b4 Nd3 21.
Qa8+ Kd7 22. Qxb7 {Diagram #} Qg7 23. g3 Qxc3 24. Qc6+ Ke7 25. Rd1 Kf8 26. Qxc7
Qf6 27. f3 f4 28. Rxe4 fxg3 29. h4 Nf2 0-1

[Event "Doha 2006"]
[Site "Doha"]
[Date "2006.12.09"]
[Round "4"]
[White "Pourkashian, A. (IRI)."]
[Black "Mongontuul, B. (MGL)."]
[Result "1-0"]
[WhiteElo "2329"]
[BlackElo "2383"]
[PlyCount "183"]
[EventDate "2006.??.??"]
[WhiteTeam "Iran"]
[BlackTeam "Mongolei"]
[WhiteTeamCountry "IRI"]
[BlackTeamCountry "MGL"]

1. e4 c5 2. Nf3 e6 3. d4 cxd4 4. Nxd4 a6 5. Bd3 d5 6. exd5 Qxd5 7. O-O Nf6 8.
Nc3 Qd6 9. Ne4 Nxe4 10. Bxe4 Be7 11. c3 Nd7 12. Qf3 Ne5 13. Qh5 Nd7 14. Bc2 Nf6
15. Qe2 O-O 16. Bg5 Qc5 17. Bh4 Bd7 18. Rfe1 Rfe8 19. Rad1 Rad8 20. Rd3 Nd5 21.
Nb3 Qc4 22. Bxe7 Nxe7 23. Qd2 Nd5 24. Rd4 Qc7 25. c4 Nf6 26. Rd1 Rc8 27. Rxd7
Nxd7 28. Qxd7 Qxd7 29. Rxd7 Rxc4 30. Bd3 Rb4 31. g3 g6 32. Bf1 Rc8 33. Bd3 Kf8
34. Bb1 a5 35. Rd1 a4 36. Nc1 Rxb2 37. Nd3 Rb5 38. Nf4 Rbc5 39. Nd3 Rc3 40. Kf1
b5 41. Ke2 Rd8 42. Rd2 Rd5 43. Rb2 e5 44. f3 Ke7 45. Nb4 Rd6 46. Nd3 Rb6 47.
Kd2 Rc8 48. Nxe5 b4 49. Bc2 a3 50. Rb3 f6 51. Nd3 Rcb8 52. Rb1 Kd6 53. Re1 Ra8
54. Bb3 Kd7 55. Re4 Rab8 56. Nc5+ Kc6 57. Ne6 f5 58. Rd4 Ra6 59. Bd5+ Kb6 60.
Rxb4+ Ka7 61. Rxb8 Kxb8 62. Bb3 Rd6+ 63. Ke3 Rc6 64. Nd4 Rc1 65. Nc2 g5 66.
Nxa3 Rh1 67. Nc2 Rxh2 68. Nd4 h5 69. Nxf5 h4 70. gxh4 gxh4 71. Kf4 h3 72. Kg3
Rh1 73. Nh4 Kc7 74. f4 Kd6 75. Nf3 Ke7 76. Nh2 Kf6 77. Kxh3 Rg1 78. Nf3 Rg7 79.
Ng5 Rb7 80. Kg4 Rb4 81. Kf3 Kf5 82. Bc2+ Kf6 83. Ne4+ Ke6 84. Bb3+ Kf5 85. Nd6+
Kf6 86. Ke3 Rb6 87. Nc4 Rb4 88. Ke4 Ke6 89. Kd3 Kf5 90. Ne3+ Kg6 91. f5+ Kg5
92. f6 1-0

[Event "Doha 2006"]
[Site "Doha"]
[Date "2006.12.09"]
[Round "4"]
[White "Hossain, E. (BAN)."]
[Black "Annaberdiev, M. (TKM)."]
[Result "1/2-1/2"]
[WhiteElo "2503"]
[BlackElo "2457"]
[PlyCount "98"]
[EventDate "2006.??.??"]
[WhiteTeam "Bangladesch"]
[BlackTeam "Turkmenistan"]
[WhiteTeamCountry "BAN"]
[BlackTeamCountry "TKM"]

1. e4 c5 2. Nf3 d6 3. d4 cxd4 4. Nxd4 Nf6 5. Nc3 a6 6. Bg5 e6 7. f4 Be7 8. Qf3
Qc7 9. O-O-O Nbd7 10. g4 b5 11. Bxf6 Nxf6 12. g5 Nd7 13. f5 Ne5 14. Qg3 Bd7 15.
h4 Nc6 16. Nxc6 Bxc6 17. a3 exf5 18. Bg2 fxe4 19. Rhe1 Rc8 20. Bxe4 Bxe4 21.
Rxe4 O-O 22. Rd2 Bd8 23. Qxd6 Qxd6 24. Rxd6 f6 25. gxf6 Rxf6 26. Re8+ Rf8 27.
Rxf8+ Kxf8 28. h5 Ra8 29. a4 Ba5 30. Ne4 Re8 31. Rxa6 Rxe4 32. Rxa5 bxa4 33.
Kd2 Kf7 34. Kd3 Rb4 35. Kc3 Rh4 36. b3 axb3 37. cxb3 Rh3+ 38. Kb2 Kf6 39. b4
Ke6 40. Rg5 Kd6 41. Rxg7 Rxh5 42. Kb3 Kc6 43. Rf7 Kb5 44. Rb7+ Kc6 45. Ra7 Kb6
46. Ra1 Rh3+ 47. Ka4 Rh2 48. Rf1 Ra2+ 49. Kb3 Rh2 1/2-1/2

[Event "Doha 2006"]
[Site "Doha"]
[Date "2006.12.09"]
[Round "4"]
[White "Amanov, M. (TKM)."]
[Black "Reefat, B. (BAN)."]
[Result "1-0"]
[WhiteElo "2339"]
[BlackElo "2489"]
[PlyCount "81"]
[EventDate "2006.??.??"]
[WhiteTeam "Turkmenistan"]
[BlackTeam "Bangladesch"]
[WhiteTeamCountry "TKM"]
[BlackTeamCountry "BAN"]

1. d4 d5 2. c4 c6 3. cxd5 cxd5 4. Nc3 Nf6 5. Nf3 Nc6 6. Bf4 e6 7. e3 Nh5 8. Bg5
Qb6 9. a3 h6 10. Bh4 g5 11. Bg3 Nxg3 12. hxg3 Bg7 13. Na4 Qd8 14. Rc1 g4 15.
Nh4 h5 16. Bd3 Bf6 17. b4 a5 18. b5 Ne7 19. O-O b6 20. e4 dxe4 21. Bxe4 Rb8 22.
Bc6+ Kf8 23. Rc4 Nxc6 24. bxc6 Qc7 25. Rc1 Ba6 26. Re1 Kg7 27. Re4 Rhd8 28. Nb2
Bb5 29. Qc2 Bxh4 30. gxh4 Rbc8 31. Qd2 Rd5 32. Nd3 Rcd8 33. Ne5 f6 34. Nd7 Bxc6
35. Nxf6 Qd6 36. Nxd5 Qxd5 37. Rxc6 Qxc6 38. Qg5+ Kf7 39. Rf4+ Ke8 40. Qxh5+
Kd7 41. Qxg4 1-0

[Event "Doha 2006"]
[Site "Doha"]
[Date "2006.12.09"]
[Round "4"]
[White "Akter, S. (BAN)."]
[Black "Geldyeva, M. (TKM)."]
[Result "0-1"]
[WhiteElo "2096"]
[BlackElo "2273"]
[PlyCount "84"]
[EventDate "2006.??.??"]
[WhiteTeam "Bangladesch"]
[BlackTeam "Turkmenistan"]
[WhiteTeamCountry "BAN"]
[BlackTeamCountry "TKM"]

1. d4 Nf6 2. c4 c5 3. d5 b5 4. cxb5 a6 5. bxa6 Bxa6 6. Nc3 d6 7. Nf3 g6 8. g3
Bg7 9. Bg2 Nbd7 10. O-O O-O 11. Re1 Qc7 12. Bg5 h6 13. Bf4 Nh5 14. Qd2 Nxf4 15.
gxf4 Rfb8 16. e4 Rb4 17. e5 Rab8 18. e6 Rxb2 19. Qe3 Nf8 20. exf7+ Kxf7 21. Bh3
Rc2 22. Be6+ Ke8 23. Rac1 Rbb2 24. Rxc2 Rxc2 25. Qe4 {Diagram #} Bxc3 26. Qxc2
Bxe1 27. Qa4+ Nd7 28. Qxa6 Ba5 29. Qb5 Bb4 30. a4 Kd8 31. a5 Nb8 32. a6 Qa7 33.
Bf7 Kc7 34. Bxg6 Qxa6 35. Qe8 Qa1+ 36. Kg2 Qf6 37. Bd3 Ba3 38. Qa4 Qg7+ 39. Ng5
c4 40. Bxc4 Bc5 41. Qb5 hxg5 42. Qa5+ Bb6 0-1